| 000 | 00481nam a22001697a 4500 | ||
|---|---|---|---|
| 003 | NUST - PNEC | ||
| 005 | 20170116180758.0 | ||
| 008 | 150410b xxu||||| |||| 00| 0 eng d | ||
| 040 | _cLIBRARY | ||
| 082 | _a297.261 NOM | ||
| 100 |
_92321 _aNomani, Alama Shibli |
||
| 245 |
_aSeerat un Nabi (PBUH) Vol-3-4 _cAlama Shibli Nomani |
||
| 260 |
_aKarachi: _bDaraul Ashaat, _cc1985. |
||
| 300 |
_a460 p. : _c25 cm. |
||
| 650 |
_92323 _aSeerat un Nabvi (PBUH) _xGeneral |
||
| 942 |
_2ddc _cBK |
||
| 999 |
_c62858 _d62858 |
||